Library of the University of Algiers 3
Ibrahim Sultan Cheibout
شعار جامعة الجزائر 3
مكتبة جامعة الجزائر 3
إبراهيم سلطان شيبوط

تسويق الخدمات : (رقم التسجيلة. 46083)

تفاصيل مارك
000 -LEADER
fixed length control field 01282nam a2200193Ia 4500
003 - CONTROL NUMBER IDENTIFIER
control field Ost
005 - DATE AND TIME OF LATEST TRANSACTION
control field 20260507075735.0
008 - FIXED-LENGTH DATA ELEMENTS--GENERAL INFORMATION
fixed length control field 260507s9999||||xx |||||||||||||| ||und||
040 ## - CATALOGING SOURCE
Transcribing agency fsecg
041 ## - LANGUAGE CODE
Language code of text/sound track or separate title ara
082 ## - DEWEY DECIMAL CLASSIFICATION NUMBER
Classification number 658.8
100 ## - MAIN ENTRY--PERSONAL NAME
Personal name العلاق، بشير عباس
Relator term مؤلف
245 #0 - TITLE STATEMENT
Title تسويق الخدمات :
Remainder of title مدخل استراتيجي.وظيفي.تطبيقي /
Statement of responsibility, etc. بشير عباس العلاق
260 ## - PUBLICATION, DISTRIBUTION, ETC.
Place of publication, distribution, etc. عمان:
Name of publisher, distributor, etc. دار زهران,
Date of publication, distribution, etc. 2001
300 ## - PHYSICAL DESCRIPTION
Extent 435 صفحة؛
Dimensions 24 سم
520 ## - SUMMARY, ETC.
Summary, etc. مدخل إلى الخدمات،الخدمة الجوهر والخدمات التكميلية الداعمة،المزيج التسويقي للخدمات،دورة حياة المنتج،تحديد مكانة الخدمة في السوق،أنظمة الخدمات،الإستراتيجيات الداعمة لأنظمة الخدمة،تصميم الخدمة،ابتكار وتطوير الخدمات الجديدة،إدارة الطلب على الخدمات،جودة الخدمة المدركة ورضا المستفيد،تسعير الخدمات،توزيع الخدمات،ترويج الخدمات،التسويق الداخلي،المشكلات المترتبة على تسويق الخدمات
653 ## - INDEX TERM--UNCONTROLLED
Uncontrolled term التسويق
942 ## - ADDED ENTRY ELEMENTS (KOHA)
Koha item type كتب
المقتنيات
Withdrawn status Lost status Source of classification or shelving scheme Damaged status Not for loan Home library Current library Date acquired Serial enumeration / chronology Inventory number Total checkouts Full call number Barcode Date last seen Price effective from Koha item type
    Library of Congress Classification   NOT LOAN / إعارة داخلية مكتبة كلية العلوم الإقتصادية والعلوم التجارية وعلوم التسيير مكتبة كلية العلوم الإقتصادية والعلوم التجارية وعلوم التسيير 07/05/2026 الطابق الأرضي 1232/1   أ/1232ن1 1232/1 07/05/2026 07/05/2026 كتب
    Dewey Decimal Classification   Available مكتبة كلية العلوم الإقتصادية والعلوم التجارية وعلوم التسيير مكتبة كلية العلوم الإقتصادية والعلوم التجارية وعلوم التسيير 07/05/2026 الطابق الأرضي 1232/2   أ/1232ن2 1232/2 07/05/2026 07/05/2026 كتب
    Dewey Decimal Classification   Available مكتبة كلية العلوم الإقتصادية والعلوم التجارية وعلوم التسيير مكتبة كلية العلوم الإقتصادية والعلوم التجارية وعلوم التسيير 07/05/2026 الطابق الأرضي 1232/3   أ/1232ن3 1232/3 07/05/2026 07/05/2026 كتب
    Dewey Decimal Classification   Available مكتبة كلية العلوم الإقتصادية والعلوم التجارية وعلوم التسيير مكتبة كلية العلوم الإقتصادية والعلوم التجارية وعلوم التسيير 07/05/2026 الطابق الثاني 1232/4   أ/1232ن4 1232/4 07/05/2026 07/05/2026 كتب
    Dewey Decimal Classification   Available مكتبة كلية العلوم الإقتصادية والعلوم التجارية وعلوم التسيير مكتبة كلية العلوم الإقتصادية والعلوم التجارية وعلوم التسيير 07/05/2026 الطابق الثاني 1232/5   أ/1232ن5 1232/5 07/05/2026 07/05/2026 كتب

موارد الويب المفتوحة


© University of Algiers 3 All Rights Reserved
|
Implemented by LECHELAH Riad